Nositelé Nobelovy ceny za ekonomii pro rok 2020
Priblíženie nositeľov Nobelovej ceny za ekonómiu za rok 2020. Opis ich profesionálneho života, pracovného zamerania či štúdia. Hlavné knižné publikácie nositeľov.
Saved in:
| Main Author: | |
|---|---|
| Other Authors: | |
| Format: | Book Chapter |
| Language: | Czech |
| Subjects: | |
| Tags: |
No Tags, Be the first to tag this record!
|
MARC
| LEADER | 00000naa a2200000 4500 | ||
|---|---|---|---|
| 001 | 0273662 | ||
| 005 | 20210514092104.6 | ||
| 041 | 0 | |a cze | |
| 044 | |a CZ | ||
| 245 | 1 | 0 | |a Nositelé Nobelovy ceny za ekonomii pro rok 2020 |c Pavel Sirůček, Lada Rusmichová |
| 520 | |a Priblíženie nositeľov Nobelovej ceny za ekonómiu za rok 2020. Opis ich profesionálneho života, pracovného zamerania či štúdia. Hlavné knižné publikácie nositeľov. | ||
| 610 | 2 | 0 | |a Nobelova cena |
| 610 | 2 | 0 | |a experti |
| 610 | 2 | 0 | |a štúdie |
| 610 | 2 | 0 | |a tvorivosť vedecká |
| 100 | 1 | |a Sirůček, Pavel | |
| 700 | 1 | |a Rusmichová, Lada | |